| 000 | 00464cam a2200181ua 4500 | ||
|---|---|---|---|
| 020 | _c13.50 | ||
| 041 |
_aeng _h |
||
| 082 |
_a657.3 _bGUT/AN |
||
| 100 | _aGuthmann, Harry.G . | ||
| 245 |
_aAnalysis of Financial statements / _cG.Harry Guthmann. _hTextual Documents |
||
| 250 |
_a4 / _b. |
||
| 260 |
_aNew Delhi : _bPrentice Hall of India pvt ltd , _c1964. |
||
| 300 | _a701 ; . | ||
| 365 | _a13.50 | ||
| 504 | _a | ||
| 942 | _cBK | ||
| 999 |
_c775 _d775 |
||